| 000 | 00751nam a2200205 a 4500 | ||
|---|---|---|---|
| 001 | 000017588 | ||
| 005 | 20250501133637.0 | ||
| 008 | 100329s1973 dr 000 0 spa d | ||
| 040 |
_aDO-SdBNP _bspa _cBNPHU |
||
| 082 |
_a613.94 _bC167i |
||
| 100 | 1 |
_aCalveti, Vinicio _938358 |
|
| 245 | 1 | 0 | _aImportancia de la planificación de la familia para la mujer como individuo y su influencia en la funcion de la mujer en la sociedad. |
| 260 |
_a[Santo Domingo] : _bAsociación Dominicana Pro Bienestar de la Familia, _c1973. |
||
| 300 | _a[14 p.]. | ||
| 490 | 1 |
_aDocumentos _v8 |
|
| 500 | _aIncluye datos biográficos del autor en la solapa de la cubierta | ||
| 650 | 0 |
_aControl de la natalidad _926740 |
|
| 830 | 0 |
_aDocumentos _n8 _938359 |
|
| 049 | _aBNPD | ||
| 999 |
_c17113 _d17113 |
||